[Event "Warsaw Najdorf Memorial op-A"]
[Site "Warsaw"]
[Date "2021.07.13"]
[Round "4"]
[White "Siekanski, Janusz"]
[Black "Jarocka, Liwia"]
[Result "1-0"]
[WhiteElo "2212"]
[BlackElo "1984"]
[PlyCount "59"]
[EventDate "2021.07.10"]
[EventType "swiss"]
[EventRounds "9"]
[EventCountry "POL"]
[SourceTitle "EXT 2022"]
[Source "ChessBase"]
[SourceDate "2021.10.06"]
[SourceVersion "1"]
[SourceVersionDate "2021.10.06"]
[SourceQuality "1"]

1. d4 Nf6 2. c4 e6 3. Nc3 Bb4 4. e3 0-0 5. Bd3 d5 6. a3 Bxc3+ 7. bxc3 dxc4 8. Bxc4 c5 9. Bb2 Qc7 10. Bd3 Nc6 11. Nf3 e5 12. Qc2 Re8 13. dxe5 Nxe5 14. Nxe5 Qxe5 15. c4 Qe7 16. 0-0 h6 17. e4 Ng4 18. f4 f5 19. Rae1 fxe4 20. Rxe4 Qf8 21. Rxe8 Qxe8 22. Qc3 Nf6 23. Re1 Qf8 24. h3 Bd7 25. Re5 Re8 26. Bg6 Rxe5 27. fxe5 Nh7 28. Qd3 Ng5 29. Qxd7 Qf4 30. Qd5+ 1-0

[Event "Warsaw Najdorf Memorial op-A"]
[Site "Warsaw"]
[Date "2021.07.12"]
[Round "3"]
[White "Janeczko, Jakub"]
[Black "Siekanski, Janusz"]
[Result "1/2-1/2"]
[WhiteElo "1976"]
[BlackElo "2212"]
[PlyCount "103"]
[EventDate "2021.07.10"]
[EventType "swiss"]
[EventRounds "9"]
[EventCountry "POL"]
[SourceTitle "EXT 2022"]
[Source "ChessBase"]
[SourceDate "2021.10.06"]
[SourceVersion "1"]
[SourceVersionDate "2021.10.06"]
[SourceQuality "1"]

1. e4 c5 2. Nf3 e6 3. g3 d5 4. exd5 exd5 5. d4 Nf6 6. Bg2 Be7 7. 0-0 0-0 8. dxc5 Bxc5 9. Nbd2 Nc6 10. Nb3 Bb6 11. c3 Bf5 12. Bg5 h6 13. Bxf6 Qxf6 14. Nbd4 Be4 15. Qd2 Rad8 16. Rad1 Rfe8 17. Rfe1 g5 18. h3 Kg7 19. Re2 Re7 20. Rde1 Rde8 21. Nxc6 bxc6 22. Nd4 c5 23. Nc2 Bxg2 24. Kxg2 Rxe2 25. Rxe2 Rxe2 26. Qxe2 Qe6 27. Qd3 c4 28. Qf3 f5 29. b3 cxb3 30. axb3 Qe4 31. Nb4 d4 32. c4 h5 33. g4 hxg4 34. hxg4 Qxg4+ 35. Qxg4 fxg4 36. Kg3 Kf6 37. Kxg4 Ke5 38. f3 a5 39. Nd3+ Kf6 40. Nf2 Bd8 41. Nd3 Ke6 42. Kg3 Kf5 43. Kf2 Ke6 44. Ke2 Kd6 45. Kd2 Be7 46. Kc2 Kc6 47. Nc1 Kc5 48. Nd3+ Kc6 49. Kd2 Kd6 50. Ke2 Ke6 51. Ne1 Ke5 52. Nd3+ 1/2-1/2

[Event "Pardubice Czech op-A 31st"]
[Site "Pardubice"]
[Date "2020.09.28"]
[Round "9"]
[White "Lizak, Peter"]
[Black "Siekanski, Janusz"]
[Result "1/2-1/2"]
[WhiteElo "2457"]
[BlackElo "2184"]
[PlyCount "98"]
[EventDate "2020.09.21"]
[EventType "swiss"]
[EventRounds "9"]
[EventCountry "CZE"]
[SourceTitle "CBM 198 Extra"]
[Source "ChessBase"]
[SourceDate "2020.11.30"]
[SourceVersion "1"]
[SourceVersionDate "2020.11.30"]
[SourceQuality "1"]

1. d4 d5 2. c4 e6 3. Nc3 c5 4. cxd5 exd5 5. Nf3 Nc6 6. dxc5 d4 7. Na4 Bxc5 8. Nxc5 Qa5+ 9. Qd2 Qxc5 10. e3 dxe3 11. Qxe3+ Qxe3+ 12. Bxe3 Be6 13. Bb5 Nge7 14. Nd4 Bd5 15. 0-0 0-0 16. Rfd1 Rfd8 17. b3 Nxd4 18. Bxd4 Bc6 19. Bf1 Nd5 20. Rd2 Nf4 21. Rad1 Ne6 22. Be3 a6 23. Bd3 g6 24. f4 Rd7 25. Be2 Rad8 26. Rxd7 Rxd7 27. Rxd7 Bxd7 28. g4 f5 29. h3 Kf7 30. Kf2 Nc7 31. Kg3 Bb5 32. Bd1 Bd3 33. Bd4 Ne6 34. Bb6 Be4 35. Be2 Ke7 36. gxf5 gxf5 37. Bc4 Kf6 38. Be3 b5 39. Be2 Bc6 40. Kh4 Kg6 41. Kg3 Kf6 42. Kf2 Nc7 43. Bd4+ Ke6 44. Be5 Nd5 45. a3 Ne7 46. Ke3 Bd5 47. a4 Bxb3 48. axb5 axb5 49. Bxb5 Bd5 1/2-1/2

[Event "Warsaw Przepiorka Memorial"]
[Site "Warsaw"]
[Date "2019.12.30"]
[Round "8"]
[White "Mikhaletz, Lubomir"]
[Black "Siekanski, Janusz"]
[Result "1-0"]
[WhiteElo "2386"]
[BlackElo "2206"]
[PlyCount "113"]
[EventDate "2019.12.27"]
[EventType "swiss"]
[EventRounds "9"]
[EventCountry "POL"]
[SourceTitle "CBM 194 Extra"]
[Source "ChessBase"]
[SourceDate "2020.03.31"]
[SourceVersion "1"]
[SourceVersionDate "2020.03.31"]
[SourceQuality "1"]

1. e4 c5 2. Nf3 e6 3. d4 cxd4 4. Nxd4 Nf6 5. Nc3 d6 6. g4 Nc6 7. h3 d5 8. Bg2 Bb4 9. exd5 Nxd5 10. Nde2 0-0 11. Bd2 Nb6 12. a3 Be7 13. b3 e5 14. Be3 Qxd1+ 15. Kxd1 h5 16. Be4 Rd8+ 17. Ke1 Nd4 18. Rd1 Bxa3 19. Nxd4 exd4 20. Rxd4 Be6 21. Nb5 Bb2 22. Rxd8+ Rxd8 23. Nc7 Bc8 24. c4 Bd4 25. Bxd4 Rxd4 26. f3 a5 27. Ke2 a4 28. Nd5 Nxd5 29. Bxd5 Be6 30. Ke3 Bxd5 31. Kxd4 Bxf3 32. Rb1 axb3 33. Rxb3 hxg4 34. hxg4 Bg2 35. Ke5 Kh7 36. Kf5 Bc6 37. Rh3+ Kg8 38. Ke5 Bd7 39. Rb3 Bc6 40. Kd6 g5 41. Ke7 Kg7 42. Rd3 Be4 43. Re3 Bc6 44. Re5 f6 45. Rf5 Ba4 46. Rxf6 Bd1 47. Rf2 Kg6 48. Rg2 Bf3 49. Rg3 Be2 50. c5 Bd1 51. Kd6 Kf6 52. Kc7 Ke5 53. Kxb7 Kf4 54. Rg1 Bf3+ 55. c6 Ke3 56. Rg3 Kf2 57. Rxf3+ 1-0

[Event "Warsaw Przepiorka Memorial"]
[Site "Warsaw"]
[Date "2019.12.29"]
[Round "6"]
[White "Eggink, Ryszard"]
[Black "Siekanski, Janusz"]
[Result "1-0"]
[WhiteElo "2402"]
[BlackElo "2206"]
[PlyCount "113"]
[EventDate "2019.12.27"]
[EventType "swiss"]
[EventRounds "9"]
[EventCountry "POL"]
[SourceTitle "CBM 194 Extra"]
[Source "ChessBase"]
[SourceDate "2020.03.31"]
[SourceVersion "1"]
[SourceVersionDate "2020.03.31"]
[SourceQuality "1"]

1. e4 c5 2. Nf3 e6 3. d4 cxd4 4. Nxd4 Nf6 5. Nc3 d6 6. g4 Nc6 7. g5 Nd7 8. h4 Be7 9. Be3 0-0 10. Qd2 Nde5 11. 0-0-0 Ng4 12. Nxc6 bxc6 13. Bf4 Qb6 14. f3 e5 15. Bg3 Ne3 16. Na4 Nxf1 17. Nxb6 Nxd2 18. Nxc8 Raxc8 19. Kxd2 f6 20. gxf6 Rxf6 21. Ke2 Rb8 22. b3 Kf7 23. h5 Ke6 24. c4 Rf7 25. Be1 Bd8 26. Rd3 Bb6 27. Bc3 a5 28. Rhd1 Rd7 29. f4 exf4 30. Kf3 Bc5 31. Bxa5 Ra7 32. Bd2 Rxa2 33. Bxf4 Rf2+ 34. Kg3 Rb2 35. Rxd6+ Bxd6 36. Rxd6+ Ke7 37. Rxc6 R8xb3+ 38. Kg4 Rg2+ 39. Kf5 g6+ 40. Ke5 g5 41. Rc7+ Kf8 42. Bxg5 Ke8 43. Bf6 h6 44. c5 Rb4 45. c6 Re2 46. Re7+ Kf8 47. Kf5 Rc4 48. e5 Rxc6 49. Kg6 Rf2 50. Ra7 Rg2+ 51. Kxh6 Rg1 52. Kh7 Rg2 53. Bg7+ Rxg7+ 54. Rxg7 Re6 55. Rg5 Kf7 56. Rf5+ Ke8 57. Kg7 1-0

[Event "Warsaw Przepiorka Memorial"]
[Site "Warsaw"]
[Date "2019.12.27"]
[Round "2"]
[White "Siekanska, Maria"]
[Black "Siekanski, Janusz"]
[Result "1/2-1/2"]
[WhiteElo "1773"]
[BlackElo "2206"]
[PlyCount "49"]
[EventDate "2019.12.27"]
[EventType "swiss"]
[EventRounds "9"]
[EventCountry "POL"]
[SourceTitle "CBM 194 Extra"]
[Source "ChessBase"]
[SourceDate "2020.03.31"]
[SourceVersion "1"]
[SourceVersionDate "2020.03.31"]
[SourceQuality "1"]

1. d4 d5 2. c4 e6 3. Nc3 c5 4. cxd5 exd5 5. Nf3 Nc6 6. g3 Nf6 7. Bg2 Be7 8. 0-0 0-0 9. dxc5 Bxc5 10. Na4 Be7 11. Be3 Bg4 12. Rc1 Re8 13. Nc5 Bxc5 14. Bxc5 Qd7 15. Re1 Bh3 16. Bh1 Rac8 17. a3 h6 18. Qa4 Re4 19. Qb3 Qe6 20. Be3 Ng4 21. Nd2 Re5 22. Nf3 Re4 23. Nd2 Re5 24. Nf3 Re4 25. Nd2 1/2-1/2

[Event "Rubinstein Memorial-A 55th"]
[Site "Polanica Zdroj"]
[Date "2019.08.23"]
[Round "7"]
[White "Siekanski, Janusz"]
[Black "Twardowski, Hubert"]
[Result "1-0"]
[WhiteElo "2263"]
[BlackElo "1822"]
[PlyCount "75"]
[EventDate "2019.08.17"]
[EventType "swiss"]
[EventRounds "9"]
[EventCountry "POL"]
[SourceTitle "EXT 2020"]
[Source "ChessBase"]
[SourceDate "2019.10.17"]
[SourceVersion "1"]
[SourceVersionDate "2019.10.17"]
[SourceQuality "1"]

1. d4 Nf6 2. c4 g6 3. Nc3 d5 4. cxd5 Nxd5 5. e4 Nxc3 6. bxc3 Bg7 7. Be3 c5 8. Qd2 Nc6 9. d5 Qa5 10. Rc1 Ne5 11. Be2 0-0 12. f4 Ng4 13. Bxg4 Bxg4 14. f5 gxf5 15. h3 f4 16. Bxf4 Bh5 17. Bh6 Bg6 18. Bxg7 Kxg7 19. Ne2 Rad8 20. Ng3 e6 21. 0-0 f6 22. Rcd1 exd5 23. exd5 c4 24. Nf5+ Bxf5 25. Rxf5 Qc5+ 26. Kh1 Rd6 27. Re1 Rd7 28. Qd1 Kh8 29. Qf3 Re7 30. Re6 Rxe6 31. dxe6 Qe7 32. Qe4 Re8 33. Rh5 Rc8 34. Rd5 Rc7 35. a4 Kg7 36. a5 Kf8 37. Qf4 Kg7 38. Qxc7 1-0

[Event "Rubinstein Memorial-A 55th"]
[Site "Polanica Zdroj"]
[Date "2019.08.22"]
[Round "6"]
[White "Wysocki, Mateusz"]
[Black "Siekanski, Janusz"]
[Result "1/2-1/2"]
[WhiteElo "1786"]
[BlackElo "2263"]
[PlyCount "69"]
[EventDate "2019.08.17"]
[EventType "swiss"]
[EventRounds "9"]
[EventCountry "POL"]
[SourceTitle "EXT 2020"]
[Source "ChessBase"]
[SourceDate "2019.10.17"]
[SourceVersion "1"]
[SourceVersionDate "2019.10.17"]
[SourceQuality "1"]

1. e4 c5 2. Nf3 e6 3. d4 cxd4 4. Nxd4 Nf6 5. Nc3 d6 6. g4 Nc6 7. g5 Nd7 8. Be3 Be7 9. h4 0-0 10. Qd2 Nde5 11. Be2 Nxd4 12. Bxd4 Nc6 13. Be3 Qa5 14. f4 Rd8 15. Bf3 d5 16. exd5 Bb4 17. 0-0 exd5 18. a3 Bxc3 19. Qxc3 Qxc3 20. bxc3 Bf5 21. Rad1 Be4 22. Kf2 b6 23. Bxe4 dxe4 24. c4 f5 25. gxf6 gxf6 26. c5 bxc5 27. Bxc5 Kf7 28. f5 Ne5 29. Rxd8 Rxd8 30. Re1 Rc8 31. Bxa7 Rxc2+ 32. Kg3 Rc3+ 33. Re3 Nd3 34. a4 Ra3 35. Bd4 1/2-1/2

[Event "Warsaw Najdorf Memorial op-A 17th"]
[Site "Warsaw"]
[Date "2019.07.14"]
[Round "9"]
[White "Rakshitta, Ravi"]
[Black "Siekanski, Janusz"]
[Result "0-1"]
[WhiteElo "2112"]
[BlackElo "2270"]
[PlyCount "158"]
[EventDate "2019.07.06"]
[EventType "swiss"]
[EventRounds "9"]
[EventCountry "POL"]
[SourceTitle "CBM 191 Extra"]
[Source "ChessBase"]
[SourceDate "2019.09.30"]
[SourceVersion "1"]
[SourceVersionDate "2019.09.30"]
[SourceQuality "1"]

1. e4 c5 2. Nc3 e6 3. Nge2 d6 4. d4 cxd4 5. Nxd4 Nf6 6. g3 Be7 7. Bg2 0-0 8. 0-0 Nc6 9. Re1 Bd7 10. Nxc6 Bxc6 11. a4 a6 12. a5 Qc7 13. Be3 Nd7 14. Ne2 Nc5 15. Nf4 b5 16. Bd4 e5 17. Bxc5 dxc5 18. Nd5 Bxd5 19. exd5 Bd6 20. c4 b4 21. Qa4 f5 22. Rad1 Qe7 23. Qc2 Rae8 24. Re2 g6 25. Rde1 Qd7 26. Kh1 Kg7 27. Ra1 Qe7 28. Rae1 Qd7 29. Ra1 Qf7 30. Rae1 Re7 31. Qa4 Rc8 32. Kg1 Qf6 33. Qc2 h5 34. f3 Rh8 35. Bh3 Rhe8 36. Bg2 Qg5 37. Qd2 Qf6 38. Qc2 Rb8 39. b3 Rbe8 40. Qb2 Kf7 41. Qc2 h4 42. g4 h3 43. Bxh3 Rh8 44. Bf1 e4 45. fxe4 Qd4+ 46. Kh1 Rxe4 47. Rxe4 fxe4 48. Rxe4 Qf6 49. Kg1 Rxh2 50. Bg2 Qa1+ 51. Kf2 Qh1 52. Kf3 Rh3+ 53. Kf2 Bg3+ 54. Ke3 Qg1+ 55. Kf3 Bh4+ 56. Bxh3 Qg3+ 57. Ke2 Qxh3 58. Rf4+ Kg7 59. Qe4 Qh2+ 60. Kd3 Qb2 61. Rf1 Qxb3+ 62. Ke2 Qb2+ 63. Kf3 b3 64. d6 Qc3+ 65. Qe3 Qxc4 66. Rd1 b2 67. d7 Qc2 68. Qe5+ Kh7 69. d8Q Qf2+ 70. Ke4 Qe2+ 71. Kf4 Qf2+ 72. Ke4 Qe2+ 73. Kf4 Qxe5+ 74. Kxe5 Bxd8 75. Kd5 Bxa5 76. Kxc5 Bd2 77. Rh1+ Kg7 78. Rb1 Bc1 79. g5 Kf7 0-1

[Event "Warsaw Najdorf Memorial op-A 17th"]
[Site "Warsaw"]
[Date "2019.07.11"]
[Round "6"]
[White "Siekanski, Janusz"]
[Black "Ali Marandi, Cemil Can"]
[Result "0-1"]
[WhiteElo "2270"]
[BlackElo "2527"]
[PlyCount "108"]
[EventDate "2019.07.06"]
[EventType "swiss"]
[EventRounds "9"]
[EventCountry "POL"]
[SourceTitle "CBM 191 Extra"]
[Source "ChessBase"]
[SourceDate "2019.09.30"]
[SourceVersion "1"]
[SourceVersionDate "2019.09.30"]
[SourceQuality "1"]

1. d4 d5 2. c4 c6 3. cxd5 cxd5 4. Nc3 Nc6 5. Nf3 Nf6 6. Bf4 Nh5 7. Bd2 g6 8. Qb3 e6 9. e4 dxe4 10. Nxe4 Be7 11. Bb5 0-0 12. Bxc6 bxc6 13. 0-0 Nf6 14. Nxf6+ Bxf6 15. Bf4 Qb6 16. Qe3 Rd8 17. Bg5 Bxg5 18. Qxg5 Rd5 19. Qh6 Rh5 20. Qe3 c5 21. Rfd1 Bb7 22. Ne5 cxd4 23. Rxd4 Qxb2 24. Rad1 Bd5 25. Ng4 Kg7 26. R4d2 Qb4 27. Rd4 Qa5 28. Rf4 e5 29. Nxe5 Re8 30. Nc4 Rxe3 31. Nxa5 Ra3 32. g4 Re5 33. Nc4 Rd3 34. Ra1 Re2 35. Ne3 Be6 36. h4 Ra3 37. Rd4 Raxa2 38. Ra4 Rxa1+ 39. Rxa1 Ra2 40. Rxa2 Bxa2 41. g5 Bb3 42. Kf1 a5 43. Ke2 a4 44. Kd3 a3 45. Kc3 a2 46. Kb2 Be6 47. Nf1 f5 48. f4 Kf7 49. Ng3 Bc4 50. h5 Ke6 51. h6 Kd6 52. Ka1 Kc5 53. Nxf5 gxf5 54. g6 Bg8 0-1

[Event "Warsaw Najdorf Memorial op-A 17th"]
[Site "Warsaw"]
[Date "2019.07.10"]
[Round "5"]
[White "Cieslak, Wiktoria"]
[Black "Siekanski, Janusz"]
[Result "0-1"]
[WhiteElo "2001"]
[BlackElo "2270"]
[PlyCount "74"]
[EventDate "2019.07.06"]
[EventType "swiss"]
[EventRounds "9"]
[EventCountry "POL"]
[SourceTitle "CBM 191 Extra"]
[Source "ChessBase"]
[SourceDate "2019.09.30"]
[SourceVersion "1"]
[SourceVersionDate "2019.09.30"]
[SourceQuality "1"]

1. e4 c5 2. Nf3 e6 3. d4 cxd4 4. Nxd4 Nf6 5. Nc3 d6 6. g4 Nc6 7. g5 Nd7 8. Be3 Be7 9. Rg1 0-0 10. Qh5 g6 11. Qh6 Nde5 12. 0-0-0 f6 13. gxf6 Bxf6 14. f4 Nxd4 15. Bxd4 Bg7 16. Qh3 Rxf4 17. Bxe5 Bxe5 18. Bc4 Qf6 19. Rgf1 Rxf1 20. Rxf1 Qe7 21. Qg4 Bd7 22. Ne2 b5 23. Bb3 Kh8 24. h4 a5 25. a3 a4 26. Ba2 b4 27. axb4 a3 28. c3 axb2+ 29. Kxb2 d5 30. exd5 exd5 31. Qg5 Qxb4+ 32. Bb3 Qe4 33. Nf4 Bf5 34. Qg2 Bxc3+ 35. Kxc3 Qe3+ 36. Kb2 Qd4+ 37. Kc1 Ra1# 0-1

[Event "Warsaw Najdorf Memorial op-A 16th"]
[Site "Warsaw"]
[Date "2018.07.11"]
[Round "4"]
[White "Molenda, Marcin"]
[Black "Siekanski, Janusz"]
[Result "1-0"]
[WhiteElo "2382"]
[BlackElo "2269"]
[PlyCount "81"]
[EventDate "2018.07.08"]
[EventType "swiss"]
[EventRounds "9"]
[EventCountry "POL"]
[SourceTitle "CBM 185 Extra"]
[Source "ChessBase"]
[SourceDate "2018.07.29"]
[SourceVersion "1"]
[SourceVersionDate "2018.07.29"]
[SourceQuality "1"]

1. d4 d5 2. c4 e6 3. Nf3 c5 4. cxd5 exd5 5. g3 Nc6 6. Bg2 Nf6 7. 0-0 Be7 8. Nc3 0-0 9. dxc5 Bxc5 10. Na4 Be7 11. Be3 Re8 12. Rc1 Bg4 13. Nc5 Bxc5 14. Bxc5 Qd7 15. Re1 Rac8 16. Qa4 Bh3 17. Bh1 Ne4 18. Be3 h6 19. Nd4 h5 20. Nxc6 bxc6 21. Qxa7 Qe6 22. Qa4 h4 23. Bxe4 dxe4 24. a3 Qg6 25. Rc5 f5 26. Qc4+ Kh7 27. a4 Re6 28. a5 Rf8 29. Bf4 hxg3 30. hxg3 Qf6 31. Qc3 Qg6 32. a6 e3 33. f3 Qh5 34. Rxc6 Rxc6 35. Qxc6 g5 36. Bxe3 f4 37. g4 Bxg4 38. fxg4 Qxg4+ 39. Qg2 Qxg2+ 40. Kxg2 fxe3 41. a7 1-0

[Event "Warsaw Najdorf Memorial op-A 16th"]
[Site "Warsaw"]
[Date "2018.07.10"]
[Round "3"]
[White "Klekowski, Maciej"]
[Black "Siekanski, Janusz"]
[Result "0-1"]
[WhiteElo "2511"]
[BlackElo "2269"]
[PlyCount "138"]
[EventDate "2018.07.08"]
[EventType "swiss"]
[EventRounds "9"]
[EventCountry "POL"]
[SourceTitle "CBM 185 Extra"]
[Source "ChessBase"]
[SourceDate "2018.07.29"]
[SourceVersion "1"]
[SourceVersionDate "2018.07.29"]
[SourceQuality "1"]

1. e4 c5 2. Nf3 e6 3. d4 cxd4 4. Nxd4 Nf6 5. Nc3 d6 6. g4 Nc6 7. g5 Nd7 8. Be3 Be7 9. h4 0-0 10. Qd2 Nde5 11. Be2 Nxd4 12. Qxd4 Nc6 13. Qd2 Qa5 14. 0-0-0 a6 15. Bc4 b5 16. Bb3 Qc7 17. g6 Na5 18. gxf7+ Rxf7 19. Bg5 Nxb3+ 20. axb3 Bf8 21. Qe2 Bb7 22. Rd4 Bc6 23. Rg1 Qb7 24. e5 Bf3 25. Qe3 b4 26. Nd1 d5 27. Rf4 Rxf4 28. Qxf4 Be4 29. f3 Bg6 30. Rg2 a5 31. Qg4 Bf5 32. Qd4 a4 33. bxa4 b3 34. Ne3 Bg6 35. Bf6 Qc6 36. Qc3 Qxc3 37. bxc3 Ba3+ 38. Kb1 Rb8 39. Rxg6 hxg6 40. Bg5 bxc2+ 41. Kxc2 Rb2+ 42. Kd3 Bc5 43. Nc2 Ra2 44. Nd4 Bxd4 45. cxd4 Rxa4 46. Ke3 Kf7 47. Bd8 Ke8 48. Bb6 Kd7 49. Bc5 Ke8 50. Kf4 Ra2 51. Bb4 Rg2 52. Bc5 Rd2 53. Kg5 Kf7 54. Kf4 Rd3 55. Kg4 Kg8 56. f4 Kh7 57. h5 gxh5+ 58. Kxh5 Rg3 59. Bd6 g6+ 60. Kh4 Rg1 61. Bc5 Kg7 62. Bd6 Kf7 63. Bb4 Ke8 64. Bd2 Kd7 65. Be3 Rg2 66. Kh3 Re2 67. Bg1 Kc6 68. Kg3 Kb5 69. Kf3 Ra2 0-1

[Event "Marianske Lazne IM-B1 17th"]
[Site "Marianske Lazne"]
[Date "2018.01.21"]
[Round "2"]
[White "Pena Gomez, Manuel"]
[Black "Siekanski, Janusz"]
[Result "1/2-1/2"]
[WhiteElo "2491"]
[BlackElo "2272"]
[PlyCount "135"]
[EventDate "2018.01.20"]
[EventType "tourn"]
[EventRounds "9"]
[EventCountry "CZE"]
[EventCategory "1"]
[SourceTitle "CBM 182 Extra"]
[Source "ChessBase"]
[SourceDate "2018.02.23"]
[SourceVersion "1"]
[SourceVersionDate "2018.02.23"]
[SourceQuality "1"]

1. e4 c5 2. Nf3 e6 3. d4 cxd4 4. Nxd4 Nf6 5. Nc3 d6 6. Be2 Be7 7. 0-0 0-0 8. Be3 Nc6 9. f4 e5 10. Nb3 exf4 11. Rxf4 Ne8 12. Rf1 Bf6 13. Qd2 Be5 14. Bg5 Nf6 15. Bf3 Be6 16. Rad1 Na5 17. Nxa5 Qxa5 18. Nd5 Qxd2 19. Rxd2 Bxd5 20. exd5 Bxb2 21. Rb1 Be5 22. Rxb7 Rfb8 23. Rc7 Rb1+ 24. Kf2 Ne8 25. Rd7 Bxh2 26. c4 h6 27. Be7 Rc1 28. Re2 Bg1+ 29. Kg3 Bd4 30. Bxd6 Nxd6 31. Rxd6 Rxc4 32. Rc6 Ra4 33. d6 Rd8 34. Bg4 Bf6 35. d7 Rxg4+ 36. Kxg4 Rxd7 37. Rec2 Rd4+ 38. Kf3 Rd3+ 39. Ke4 Rd4+ 40. Ke3 Ra4 41. R6c4 Ra3+ 42. Ke4 g6 43. Rc7 Ra4+ 44. Kd5 Kg7 45. Rb7 Ra5+ 46. Kc4 Bh4 47. Kb4 Be1+ 48. Kb3 Ra6 49. a4 h5 50. Re2 Ba5 51. Ka3 Bb6 52. Re5 Bg1 53. Kb4 Rb6+ 54. Rxb6 axb6 55. Kc4 h4 56. Kd5 f5 57. Re1 Bf2 58. Rf1 Be3 59. Re1 Bf2 60. Re8 Kf6 61. Rg8 Kf7 62. Rc8 Kf6 63. Rf8+ Ke7 64. Rc8 Kf6 65. Rc2 Bg1 66. Rc1 Bf2 67. Rc2 Bg1 68. Rc1 1/2-1/2

[Event "Warsaw Najdorf Memorial op-A 15th"]
[Site "Warsaw"]
[Date "2017.07.16"]
[Round "8"]
[White "Nowak, Kamil"]
[Black "Siekanski, Janusz"]
[Result "1/2-1/2"]
[WhiteElo "2362"]
[BlackElo "2287"]
[PlyCount "62"]
[EventDate "2017.07.09"]
[EventType "swiss"]
[EventRounds "9"]
[EventCountry "POL"]
[SourceTitle "CBM 179 Extra"]
[Source "ChessBase"]
[SourceDate "2017.08.23"]
[SourceVersion "1"]
[SourceVersionDate "2017.08.23"]
[SourceQuality "1"]

1. e4 c5 2. Nf3 e6 3. d4 cxd4 4. Nxd4 Nf6 5. Nc3 d6 6. g4 Nc6 7. g5 Nd7 8. Be3 Be7 9. Rg1 0-0 10. Qh5 g6 11. Qh6 Nde5 12. 0-0-0 f6 13. gxf6 Bxf6 14. Nb3 Bg7 15. Qh3 Rf3 16. Qg2 a6 17. Kb1 b5 18. h4 b4 19. Na4 Rxe3 20. fxe3 Qxh4 21. Rxd6 Qe1+ 22. Nc1 Qxe3 23. Be2 Bd7 24. Nb3 Bf8 25. Rdd1 Nd8 26. Nac5 Bxc5 27. Qh2 Ndf7 28. Rg3 Qf2 29. Rg2 Qe3 30. Rg3 Qf2 31. Rg2 Qe3 1/2-1/2

[Event "Warsaw Najdorf Memorial op-A 15th"]
[Site "Warsaw"]
[Date "2017.07.15"]
[Round "7"]
[White "Siekanski, Janusz"]
[Black "Walter, Szymon"]
[Result "1-0"]
[WhiteElo "2287"]
[BlackElo "2220"]
[PlyCount "65"]
[EventDate "2017.07.09"]
[EventType "swiss"]
[EventRounds "9"]
[EventCountry "POL"]
[SourceTitle "CBM 179 Extra"]
[Source "ChessBase"]
[SourceDate "2017.08.23"]
[SourceVersion "1"]
[SourceVersionDate "2017.08.23"]
[SourceQuality "1"]

1. d4 Nf6 2. c4 g6 3. Nc3 d5 4. cxd5 Nxd5 5. e4 Nxc3 6. bxc3 Bg7 7. Qa4+ Nd7 8. Nf3 0-0 9. Bg5 c5 10. Qa3 Qc7 11. Bd3 cxd4 12. cxd4 Nc5 13. 0-0 Nxd3 14. Qxd3 Bg4 15. Rac1 Qd7 16. d5 Bxf3 17. Qxf3 e6 18. Rfd1 exd5 19. exd5 Rac8 20. h4 h5 21. Rxc8 Rxc8 22. d6 b5 23. Qd5 a5 24. g3 a4 25. Rb1 Rb8 26. Rc1 Rb7 27. a3 Kh7 28. Bd2 Bf6 29. Bb4 Ra7 30. Rc6 Rb7 31. Kh2 Kg7 32. Qc5 Qe6 33. d7 1-0

[Event "Warsaw Najdorf Memorial op-A 15th"]
[Site "Warsaw"]
[Date "2017.07.13"]
[Round "5"]
[White "Siekanski, Janusz"]
[Black "Kiolbasa, Oliwia"]
[Result "1/2-1/2"]
[WhiteElo "2287"]
[BlackElo "2253"]
[PlyCount "59"]
[EventDate "2017.07.09"]
[EventType "swiss"]
[EventRounds "9"]
[EventCountry "POL"]
[SourceTitle "CBM 179 Extra"]
[Source "ChessBase"]
[SourceDate "2017.08.23"]
[SourceVersion "1"]
[SourceVersionDate "2017.08.23"]
[SourceQuality "1"]

1. d4 Nf6 2. c4 c5 3. d5 b5 4. cxb5 a6 5. bxa6 g6 6. Nc3 Bg7 7. e4 0-0 8. Nf3 Qa5 9. Bd2 Bxa6 10. Bxa6 Qxa6 11. Qe2 d6 12. Rb1 Nbd7 13. b3 Rfb8 14. Qxa6 Rxa6 15. 0-0 Ng4 16. a4 Rb4 17. Rfe1 c4 18. bxc4 Rxc4 19. Rb7 Bxc3 20. Bxc3 Rxc3 21. Rxd7 Kf8 22. h3 Nf6 23. Rd8+ Kg7 24. e5 Nxd5 25. exd6 exd6 26. Ng5 h6 27. Ne4 Rcc6 28. Rd1 Nc3 29. Nxc3 Rxc3 30. R8xd6 1/2-1/2

[Event "Warsaw Najdorf Memorial op-A 15th"]
[Site "Warsaw"]
[Date "2017.07.09"]
[Round "1"]
[White "Siekanski, Janusz"]
[Black "Priyanka, Nutakki"]
[Result "1/2-1/2"]
[WhiteElo "2287"]
[BlackElo "2104"]
[PlyCount "42"]
[EventDate "2017.07.09"]
[EventType "swiss"]
[EventRounds "9"]
[EventCountry "POL"]
[SourceTitle "CBM 179 Extra"]
[Source "ChessBase"]
[SourceDate "2017.08.23"]
[SourceVersion "1"]
[SourceVersionDate "2017.08.23"]
[SourceQuality "1"]

1. d4 Nf6 2. c4 g6 3. Nc3 d5 4. cxd5 Nxd5 5. e4 Nxc3 6. bxc3 c5 7. Be3 Bg7 8. Qd2 0-0 9. Nf3 Qa5 10. Rb1 cxd4 11. cxd4 Qxd2+ 12. Kxd2 b6 13. Bd3 Rd8 14. Rhc1 Ba6 15. Rb3 Bxd3 16. Rxd3 Nd7 17. Ke2 Rac8 18. Rdc3 Rxc3 19. Rxc3 Nc5 20. e5 Ne6 21. Ra3 Rd7 1/2-1/2

[Event "Rubinstein Memorial 52nd"]
[Site "Polanica Zdroj"]
[Date "2016.08.28"]
[Round "9"]
[White "Siekanski, Janusz"]
[Black "Cyborowski, Lukasz"]
[Result "0-1"]
[WhiteElo "2290"]
[BlackElo "2526"]
[PlyCount "78"]
[EventDate "2016.08.20"]
[EventType "swiss"]
[EventRounds "10"]
[EventCountry "POL"]
[SourceTitle "CBM 174 Extra"]
[Source "ChessBase"]
[SourceDate "2016.10.10"]
[SourceVersion "1"]
[SourceVersionDate "2016.10.10"]
[SourceQuality "1"]

1. d4 Nf6 2. c4 c5 3. e3 g6 4. Nc3 Bg7 5. Nf3 0-0 6. Be2 d5 7. 0-0 cxd4 8. exd4 Nc6 9. Re1 Bf5 10. c5 Ne4 11. Bf4 h6 12. h3 Rc8 13. Rc1 Nxc3 14. Rxc3 Be4 15. Ne5 Bxe5 16. Bxe5 f6 17. Bf4 g5 18. Be3 Qd7 19. a3 e5 20. b4 a6 21. f3 Bg6 22. Bf1 Rce8 23. Re2 e4 24. f4 Ne7 25. g4 f5 26. Rf2 fxg4 27. hxg4 gxf4 28. Bxf4 Nc6 29. Rh3 Rxf4 30. Rxf4 Qg7 31. b5 Nxd4 32. bxa6 bxa6 33. Be2 Qe5 34. Rf2 e3 35. Rfh2 Rb8 36. Rxh6 Qg3+ 37. Rg2 Nxe2+ 38. Kh1 Be4 39. Qxe2 Rb1+ 0-1